[Event "ch-St Petersburg"]
[Site "St Petersburg RUS"]
[Date "2007.06.03"]
[Round "6"]
[White "Loginov,Va"]
[Black "Zacurdajev,M"]
[Result "0-1"]
[WhiteElo "2496"]
[BlackElo "2384"]

1.Nf3 d5 2.g3 c5 3.Bg2 Nc6 4.d4 e6 5.O-O Nf6 6.c4 dxc4 7.Ne5 Bd7 8.Nxc4 cxd4
9.Bf4 Be7 10.Nd6+ Kf8 11.Nxb7 Qb6 12.Nd6 Qc5 13.Ne4 Nxe4 14.Bxe4 g5 15.Bc1 f5
16.Bg2 Rc8 17.e3 Bf6 18.Nc3 Rd8 19.exd4 Nxd4 20.Be3 Bc6 21.Bxd4 Rxd4 22.Qe2 Bxg2
23.Kxg2 Qc6+ 24.Kg1 h5 25.Rac1 Rc4 26.Rfd1 h4 27.Rd6 Qxd6 28.Qxc4 hxg3 29.hxg3 Bd4
30.Ne2 Bb6 31.Qc3 Rh6 32.Qf3 Kf7 33.Kg2 Rh8 34.Nc3 Qc7 35.Ne2 Qd6 36.Nc3 Kg6
37.Rd1 Qc7 38.Re1 Kf7 39.Ne4 g4 40.Qc3 Qxc3 41.Nxc3 Rd8 42.Re2 Rd3 43.Rc2 e5
44.Nb5 Kf6 45.b4 f4 46.Rc6+ Ke7 47.gxf4 exf4 48.Rg6 g3 49.Nxa7 Bxa7 50.Rg7+ Kf6
51.Rxa7 Rd2 52.Kf3 Rxf2+ 53.Ke4 g2 54.Ra6+ Kg5 55.Ra8 Re2+ 56.Kd3 Rxa2 57.Rg8+ Kf5
58.b5 Ra3+ 59.Kc4 Rg3  0-1

[Event "TCh-BIH"]
[Site "Vogosca BIH"]
[Date "2007.06.03"]
[Round "2"]
[White "Vukic,M"]
[Black "Zivkovic,Vj"]
[Result "1/2-1/2"]
[WhiteElo "2505"]
[BlackElo "2429"]

1.Nf3 d5 2.g3 c5 3.Bg2 Nc6 4.c4 d4 5.d3 e5 6.O-O Nf6 7.e3 Be7 8.exd4 exd4
9.Re1 O-O 10.Ne5 Nxe5 11.Rxe5 Bd6 12.Re1 Bg4 13.Qc2 Re8 14.Bd2 Rxe1+ 15.Bxe1 Qd7
16.Nd2 Re8 17.f3 Bh3 18.Bf2 Bxg2 19.Kxg2 b6 20.Re1 Rxe1 21.Bxe1 Qe6 22.Qd1 h5
23.Ne4 Nxe4  1/2-1/2

[Event "7th ch-Euro Senior"]
[Site "Hockenheim GER"]
[Date "2007.06.04"]
[Round "3"]
[White "Gutman,L"]
[Black "Achenbach,M"]
[Result "1-0"]
[WhiteElo "2444"]
[BlackElo "2187"]

1.Nf3 d5 2.g3 Nd7 3.Bg2 e5 4.O-O Ngf6 5.d4 e4 6.Ne5 Bd6 7.Nxd7 Bxd7 8.c4 dxc4
9.Nc3 h6 10.Nxe4 Nxe4 11.Bxe4 c6 12.d5 c5 13.Bg2 O-O 14.e4 f5 15.Qe2 Qe8
16.Re1 Bb5 17.e5 Bc7 18.a4 Ba6 19.d6 Ba5 20.Rd1 c3 21.Qe3 Qh5 22.Bf3 Qg6
23.Qf4 Kh8 24.bxc3 Bxc3 25.Ra3 Bb4 26.Re3 Qe6 27.Bd5 Qe8 28.e6 Qxa4 29.Bb3 Qc6
30.Bb2  1-0

[Event "1st Alushta Summer"]
[Site "Alushta UKR"]
[Date "2007.06.06"]
[Round "6"]
[White "Harutjunyan,G"]
[Black "Khudiakov,A"]
[Result "1/2-1/2"]
[WhiteElo "2404"]
[BlackElo "2182"]

1.Nf3 d5 2.g3 c6 3.Bg2 Nf6 4.b3 Bg4 5.Bb2 Nbd7 6.d3 e6 7.Nbd2 Be7 8.O-O O-O
9.e4 a5 10.a3 a4 11.b4 c5 12.b5 Nb6 13.Qe2 c4 14.e5 cxd3 15.cxd3 Nfd7 16.Qe3 Bxf3
17.Nxf3 Nc5 18.h4 Nb3 19.Rae1 Ra5 20.g4 Rxb5 21.g5 d4 22.Qe4 Nc5 23.Qe2 Rxb2
24.Qxb2 Nxd3 25.Qb5 Nxe1 26.Rxe1 Bxa3 27.h5 Be7 28.g6 fxg6 29.hxg6 hxg6 30.Rd1 Rf4
31.Qd3 Kf7 32.Bh3 Qd5 33.Nxd4 Rxd4 34.Qxd4 Qxd4 35.Rxd4 a3 36.Rf4+ Ke8 37.Bxe6 Nd7
38.Ra4 Bc5 39.Rc4 b5 40.Re4 Ke7 41.Ba2 g5 42.Kg2 Nb6 43.Rg4 Na4 44.Rxg5 Nc3
45.Bb3 a2 46.Bxa2 Nxa2 47.e6 Bd4 48.Rxb5 Kxe6 49.Kg3 Nc3 50.Rb4 Ke5 51.f3 g5
52.Rxd4 Ne2+ 53.Kg4 Nxd4 54.Kxg5 Nxf3+  1/2-1/2

[Event "7th ch-Euro Senior"]
[Site "Hockenheim GER"]
[Date "2007.06.06"]
[Round "5"]
[White "Gutman,L"]
[Black "Jadrijevic,A"]
[Result "1-0"]
[WhiteElo "2444"]
[BlackElo "2213"]

1.Nf3 d5 2.g3 Nf6 3.Bg2 c6 4.O-O Bg4 5.d3 Nbd7 6.c4 e6 7.Be3 Bd6 8.Qb3 Qb8
9.Nc3 a6 10.cxd5 cxd5 11.a4 O-O 12.a5 Rc8 13.Rfc1 Nc5 14.Qa2 h6 15.b4 Ncd7
16.Qb3 Rc7 17.Na4 Rxc1+ 18.Rxc1 Qf8 19.b5 Rc8 20.Rb1 Qd8 21.bxa6 bxa6 22.Nb6 Rc7
23.Bd4 Nc5 24.Qb2 Nb7 25.Qa1 Qe7 26.e4 dxe4 27.dxe4 Bxf3 28.e5 Bxg2 29.exf6 gxf6
30.Bxf6 Qf8 31.Kxg2 Nc5 32.Rb4 h5 33.Qd1 Be7 34.Rg4+ Kh7 35.Rg7+ Qxg7 36.Qxh5+ Kg8
37.Bxg7 Kxg7 38.Qe5+  1-0

[Event "2nd Maia Chiburdanidze Cup"]
[Site "Tbilisi GEO"]
[Date "2007.06.06"]
[Round "1"]
[White "Magalashvili,D"]
[Black "Javakhadze,Z"]
[Result "1-0"]
[WhiteElo "2474"]
[BlackElo "2149"]

1.Nf3 d5 2.g3 Nf6 3.Bg2 g6 4.O-O Bg7 5.d3 O-O 6.Nbd2 c5 7.e4 Nc6 8.exd5 Nxd5
9.Re1 b6 10.Nc4 Bb7 11.a4 Qc7 12.c3 Rad8 13.Qe2 Rfe8 14.h4 Bc8 15.h5 Bg4
16.hxg6 hxg6 17.Qc2 Bf5 18.Nh4 Ndb4 19.cxb4 Nxb4 20.Qd1 Nxd3 21.Nxf5 gxf5
22.Bd2 Nxe1 23.Qxe1 Rd3 24.Bc3 Red8 25.Bxg7 Kxg7 26.Ne5 R3d6 27.Nf3 Qd7 28.Bf1 f6
29.Qe3 e5 30.Nh4 e4 31.Qf4 Rd5 32.Bh3 Rh8 33.Nxf5+ Kf8 34.Bg4 Qe6 35.Ne3 Rdh5
36.Qb8+  1-0

[Event "TCh-BIH"]
[Site "Vogosca BIH"]
[Date "2007.06.06"]
[Round "5"]
[White "Vukic,M"]
[Black "Dumpor,A"]
[Result "1/2-1/2"]
[WhiteElo "2505"]
[BlackElo "2401"]

1.Nf3 d5 2.g3 Nf6 3.Bg2 c6 4.O-O Bg4 5.d4 Nbd7 6.Nbd2 e6 7.Re1 h6 8.e4 dxe4
9.Nxe4 Nxe4 10.Rxe4 Nf6 11.Re1 Be7 12.c3 O-O 13.Qb3 Qb6 14.Ne5 Bf5 15.Nc4 Qxb3
16.axb3 a6 17.Na5 Ra7 18.b4 Nd5 19.Bd2 Bg5 20.f4 Bf6 21.Nc4 Rd8 22.h4 h5
23.Ne5 Raa8 24.Bf1 Be7 25.Be2 g6 26.Bf3 Kg7 27.Nc4 Bf6 28.Ne5 Be7 29.Kg2 Rac8
30.Nc4 Rc7 31.Na5 Bg4 32.Bxg4 hxg4 33.Nc4 Nf6 34.Ne5 c5 35.bxc5 Bxc5 36.Re2 Be7
37.Be1 Rd5 38.Ra2 a5 39.c4 Rxd4 40.Bxa5 Rc8 41.Bc3 Re4 42.b3 Rxe2+ 43.Rxe2 Kf8
44.b4 Ra8 45.Be1 Ra3 46.c5 Ke8 47.Nc4 Ra4 48.Ne5 Nd5 49.Nxg4 Nxb4 50.Bxb4 Rxb4
51.Rc2 Rb5 52.c6 bxc6 53.Rxc6 Rc5 54.Rb6 Rc8 55.Rb7 Bd8  1/2-1/2

[Event "XV Lasker Mem Open A"]
[Site "Barlinek POL"]
[Date "2007.06.07"]
[Round "7"]
[White "Trifonov,D"]
[Black "Czerwonski,A"]
[Result "1/2-1/2"]
[WhiteElo "2291"]
[BlackElo "2384"]

1.Nf3 d5 2.g3 Nf6 3.Bg2 e6 4.c4 Be7 5.O-O O-O 6.d3 b6 7.b3 Bb7 8.Bb2 Nbd7
9.Nbd2 a5 10.Qc2 a4 11.e4 dxe4 12.dxe4 Nc5 13.e5 Nfe4 14.Nd4 Nxd2 15.Qxd2 Bxg2
16.Kxg2 Qc8 17.Qe2 Qb7+ 18.f3 Rfd8 19.Bc3 axb3 20.axb3 Bf8 21.Qc2 Na6 22.Rfd1 Nb4
23.Rxa8 Qxa8 24.Bxb4 Bxb4 25.Nb5 Rxd1 26.Qxd1 c6 27.Nd6 Qd8 28.f4 Kf8 29.Qh5 Bxd6
30.exd6 Qxd6 31.Qxh7  1/2-1/2

[Event "7th ch-Euro Senior"]
[Site "Hockenheim GER"]
[Date "2007.06.07"]
[Round "6"]
[White "Brondum,E"]
[Black "Ladstetter,J"]
[Result "1-0"]
[WhiteElo "2164"]
[BlackElo "2066"]

1.Nf3 d5 2.g3 Nf6 3.Bg2 c6 4.d3 Bg4 5.Nbd2 e6 6.O-O Be7 7.Qe1 O-O 8.h3 Bxf3
9.Nxf3 c5 10.e4 Nc6 11.Qe2 dxe4 12.dxe4 e5 13.c3 Qc7 14.Nh4 g6 15.Bh6 Rfe8
16.Nf3 Nh5 17.Rfd1 Rad8 18.Bf1 a6 19.a4 Na5 20.Rxd8 Rxd8 21.Rd1 Rxd1 22.Qxd1 Qd6
23.Qxd6 Bxd6 24.Nd2 Ng7 25.Nc4 Nxc4 26.Bxc4 Ne6 27.Kf1 Bf8 28.Be3 Kg7 29.Ke2 Bd6
30.Kd3 Nc7 31.a5 f5 32.f3 f4 33.gxf4 exf4 34.Bf2 g5 35.e5 Be7 36.Ke4 Kg6
37.h4 gxh4 38.Kxf4 Bg5+ 39.Ke4 h3 40.Bg3 Bc1 41.f4 Bxb2 42.f5+ Kg7 43.Bf1 Bxc3
44.Bxh3 Bxa5 45.f6+ Kf7 46.Bg4 Bc3 47.Bf4 a5 48.Bh5+ Kg8 49.f7+ Kg7 50.Bh6+ Kxh6
51.f8=Q+ Kxh5  1-0

[Event "ch-Skopje"]
[Site "Skopje MKD"]
[Date "2007.06.07"]
[Round "9"]
[White "Tausanov,M"]
[Black "Bekarovski,F"]
[Result "1-0"]
[WhiteElo "1758"]
[BlackElo "1921"]

1.Nf3 d5 2.g3 Bf5 3.Bg2 Nf6 4.O-O e6 5.d3 Nbd7 6.c4 c6 7.Nc3 Bd6 8.cxd5 exd5
9.Qb3 Nc5 10.Qc2 O-O 11.Nh4 Bg4 12.e4 dxe4 13.dxe4 Re8 14.Be3 Qe7 15.Rfe1 Rad8
16.Nf5 Bxf5 17.exf5 Ng4 18.Rad1 Nxe3 19.Rxe3 Qf6 20.Rxe8+ Rxe8 21.b4 Na6
22.Ne4 Qxf5 23.Rxd6 Qe5 24.Qd2 f5 25.Nc3 Nxb4 26.Bf1 Nd5 27.Rxd5 cxd5 28.Nxd5 g6
29.f4 Qa1 30.Kg2 Kg7 31.Nc3 Re1 32.Be2 Rc1 33.Nb5 Rb1 34.Qd7+ Kh6 35.Nd6 Qxa2
36.Nf7+ Kg7 37.Ng5+ Kg8 38.Qe8+ Kg7 39.Qe7+ Kg8 40.Qe8+ Kg7 41.Ne6+ Kf6 42.Qf8+ Kxe6
43.Qg8+  1-0

[Event "8th UKR Universiad"]
[Site "Evpatoria UKR"]
[Date "2007.06.09"]
[Round "5"]
[White "Majboroda,E"]
[Black "Meleshko,N"]
[Result "1-0"]
[WhiteElo "1962"]
[BlackElo "1997"]

1.Nf3 d5 2.g3 Nf6 3.Bg2 Bf5 4.c4 e6 5.Qb3 Qc8 6.Nc3 c6 7.d3 Nbd7 8.cxd5 Nc5
9.Qd1 cxd5 10.O-O Be7 11.Be3 O-O 12.Rc1 Qd8 13.h3 h6 14.Nd4 Bg6 15.f4 Bh7
16.Qd2 Rc8 17.Bf2 Qa5 18.Rc2 Qd8 19.Rfc1 Qd7 20.b4 Na6 21.a3 Nb8 22.e4 Nc6
23.e5 Ne8 24.Re1 Nxd4 25.Bxd4 Nc7 26.Bf1 Nb5 27.Nxb5 Qxb5 28.Rec1 Rxc2 29.Rxc2 a5
30.Bc5 Bxc5+ 31.Rxc5 Qb6 32.d4 axb4 33.Qxb4 Qxb4 34.axb4 Ra8 35.Rc7 Rb8 36.Kf2 Bb1
37.g4 b6 38.Rc6 Kf8 39.Bb5 Be4 40.Rd6 Bb1 41.f5 exf5 42.Rxd5 Rc8 43.Rd6 Rc2+
44.Ke3 Rc3+ 45.Kd2 Rc2+ 46.Kd1 Kg8 47.gxf5 Rb2 48.e6 fxe6 49.fxe6  1-0

[Event "7th ch-Euro Senior"]
[Site "Hockenheim GER"]
[Date "2007.06.10"]
[Round "9"]
[White "Estrada Martinez,C"]
[Black "Neese,H"]
[Result "1/2-1/2"]
[WhiteElo "2208"]
[BlackElo "2287"]

1.Nf3 d5 2.g3 Bf5 3.Bg2 e6 4.c4 c6 5.b3 Nd7 6.Bb2 h6 7.O-O Ngf6 8.d3 Be7
9.Nbd2 Qb6 10.e4 dxe4 11.dxe4 Bh7 12.Qe2 O-O 13.e5 Ne8 14.Ne4 Nc5 15.Nxc5 Bxc5
16.Rad1 Nc7 17.Rd7 Rad8 18.Rfd1 Na6 19.Rxd8 Rxd8 20.Rxd8+ Qxd8 21.a3 Be7
22.Ne1 Nc5 23.b4 Nd3 24.Bc3 Nxe1 25.Qxe1 Qd3 26.c5 Bf5 27.h3 Kf8 28.Qd2 Qb1+
29.Kh2 Ke8 30.h4 Qb3 31.Bb2 g5 32.hxg5 hxg5 33.Qc3 Qd1 34.b5 Qa4 35.bxc6 bxc6
36.Qb4 Qb5 37.Qxb5 cxb5 38.Bc6+ Kd8 39.Bxb5 Kc7 40.f3 g4  1/2-1/2

[Event "7th ch-Euro Senior"]
[Site "Hockenheim GER"]
[Date "2007.06.10"]
[Round "9"]
[White "Loktiev,I"]
[Black "Jadrijevic,A"]
[Result "0-1"]
[WhiteElo "2350"]
[BlackElo "2213"]

1.Nf3 d5 2.g3 c6 3.Bg2 Nf6 4.d3 Bg4 5.Ne5 Bh5 6.c4 Nbd7 7.Nxd7 Qxd7 8.Nd2 e6
9.O-O Bd6 10.Nf3 O-O 11.Bg5 h6 12.Bxf6 gxf6 13.Qa4 dxc4 14.Qxc4 Kg7 15.Qh4 Bg6
16.Rac1 Rfd8 17.Nd2 Be7 18.Nb3 Qc7 19.Qg4 f5 20.Qc4 Bf6 21.Rc2 h5 22.Nd2 h4
23.Nf3 hxg3 24.hxg3 Rh8 25.b4 a6 26.a4 Qd7 27.Rb1 Rac8 28.Qf4 Bh5 29.Ne5 Qe7
30.Qe3 Rhd8 31.b5 axb5 32.axb5 cxb5 33.Rxc8 Rxc8 34.Rxb5 Qa3 35.Nc4 Qa1+
36.Bf1 Bg4 37.Qb6 Rh8 38.Rb1 Qa2 39.Qb3 Qa8 40.Qxb7 Qg8 41.Nd6 Kg6 42.Rb4 Qh7
43.Qg2 Qh6 44.f4 Qf8 45.Qc6 Be7 46.Rb6 Qg7 47.Nc4 Qa1 48.Ne5+ Kg7 49.Nxg4 fxg4
50.e3 Qe1 51.Qe4 Qxg3+ 52.Bg2 Qe1+ 53.Bf1 Rh3 54.Rb2 Rxe3 55.Qc4 Rg3+ 56.Rg2 Qe3+
57.Kh1 Rh3+ 58.Rh2 Bc5  0-1

[Event "7th ch-Euro Senior"]
[Site "Hockenheim GER"]
[Date "2007.06.10"]
[Round "9"]
[White "Mesiarik,R"]
[Black "Davydov,M"]
[Result "1-0"]
[WhiteElo "2167"]
[BlackElo "2082"]

1.Nf3 d5 2.g3 Nf6 3.Bg2 Nbd7 4.d4 c6 5.O-O e6 6.b3 Ne4 7.Bb2 Be7 8.Nbd2 Nxd2
9.Nxd2 O-O 10.e4 dxe4 11.Bxe4 Nf6 12.Bg2 Qc7 13.Qe2 b6 14.c4 Bb7 15.Rfe1 Rfd8
16.a3 Bf8 17.Rad1 c5 18.Bxb7 Qxb7 19.dxc5 bxc5 20.Bc3 Be7 21.Ba5 Rd7 22.Rb1 Qa6
23.b4 Bd8 24.Nb3 Bb6 25.b5 Qb7 26.Bc3 a5 27.a4 Kf8 28.Rbd1 Ke7 29.Rxd7+ Qxd7
30.Qf3 Ra7 31.Rd1 Qc7 32.Qe2 Qb8 33.Be5 Qc8 34.Rd6 Nd7 35.Rc6 Rc7 36.Bxc7 Bxc7
37.Qe3  1-0

[Event "5th V Nabokov Mem"]
[Site "Kyiv UKR"]
[Date "2007.06.11"]
[Round "10"]
[White "Pavlov,S2"]
[Black "Diulger,A"]
[Result "0-1"]
[WhiteElo "2436"]
[BlackElo "2364"]

1.Nf3 d5 2.g3 c6 3.Bg2 Bf5 4.O-O e6 5.d3 Nf6 6.c4 Bd6 7.Nc3 O-O 8.Bg5 h6
9.Bxf6 Qxf6 10.e4 Bg4 11.cxd5 exd5 12.exd5 cxd5 13.h3 Be6 14.Qb3 Nc6 15.Nxd5 Qd8
16.Nd2 Bb4 17.Rfd1 Bxd2 18.Rxd2 Qg5 19.f4 Qxg3 20.d4 Qg6 21.Qf3 Rad8 22.Ne3 Rxd4
23.Rf2 Bf5 24.Nxf5 Qxf5 25.Re1 Rfd8 26.Qe3 Nb4 27.Bxb7 Qg6+ 28.Rg2 Qb6 29.Bf3 Nd3
30.Rf1 Nxf4 31.Rh2 Ne6 32.Kh1 Ng5 33.Bg2 Rd2 34.Qf4 R8d4 35.Qg3 Qxb2 36.h4 Ne4
37.Qe5 Nf6 38.Rg1 Rxg2  0-1

[Event "11th Master Open"]
[Site "Voronezh RUS"]
[Date "2007.06.13"]
[Round "2"]
[White "Zablotsky,S"]
[Black "Yaksin,O"]
[Result "1/2-1/2"]
[WhiteElo "2500"]
[BlackElo "2258"]

1.Nf3 d5 2.g3 c6 3.Bg2 Bg4 4.d4 Nd7 5.O-O Ngf6 6.Nbd2 e6 7.Re1 Be7 8.e4 O-O
9.c3 c5 10.Qb3 cxd4 11.cxd4 dxe4 12.Ne5 Nxe5 13.dxe5 Nd7 14.Nxe4 Nxe5 15.Bf4 Nd3
16.Rad1 Bxd1 17.Rxd1 Qa5 18.Qxd3 Rad8 19.Qb3 Rxd1+ 20.Qxd1 Qxa2 21.Be5 f6
22.Bc3 Rd8 23.Qg4 e5 24.Nd2 b5 25.Bf1 Qd5 26.Ba5 Rf8 27.Bg2 Qa2 28.Qd7 Qxa5
29.Bd5+ Kh8 30.Qxe7 Rc8 31.Ne4 Qc7 32.Qe6 Rd8 33.Bc6 a6 34.h4 h6 35.b4 Qc8
36.Qxc8 Rxc8 37.Bd5 Rc1+ 38.Kg2 Rb1 39.Nc5 Rxb4 40.Nxa6 Rd4 41.Bf7 g5 42.hxg5 hxg5
43.Nc5 b4 44.Kf3 Kg7 45.Be6 Kf8 46.Nb3 Rd3+ 47.Ke4 Rc3 48.g4 Ke7 49.Bg8 Kd6
50.Nd2 Kc5  1/2-1/2

[Event "XXV Open"]
[Site "Novi Becej SRB"]
[Date "2007.06.14"]
[Round "6"]
[White "Grunberg,M"]
[Black "Bodiroga,P"]
[Result "1-0"]
[WhiteElo "2442"]
[BlackElo "2430"]

1.Nf3 d5 2.g3 Bg4 3.Bg2 c6 4.c4 e6 5.cxd5 exd5 6.O-O Nf6 7.d3 Be7 8.Qb3 Qc8
9.Nc3 Na6 10.e4 Nc5 11.Qc2 O-O 12.Re1 Ne6 13.Ne5 Bh5 14.exd5 cxd5 15.d4 Qc7
16.Be3 Bb4 17.Rec1 Bxc3 18.Qxc3 Qb6 19.h3 Rad8 20.a4 Bg6 21.a5 Qd6 22.a6 bxa6
23.Nc6 Rd7 24.Rxa6 Rb7 25.Rxa7 Rxa7 26.Nxa7 Ne4 27.Qa3 Qd7 28.Nc6 Re8 29.h4 Nf6
30.Ne5 Qb7 31.b4 Ra8 32.Qc3 Be4 33.f3 Bg6 34.g4 Nd7 35.Nxd7  1-0

[Event "Xose Enrique Rodriguez Pena Mem"]
[Site "Ourense ESP"]
[Date "2007.06.14"]
[Round "8"]
[White "Strikovic,A"]
[Black "Korneev,O"]
[Result "1/2-1/2"]
[WhiteElo "2563"]
[BlackElo "2565"]

1.Nf3 d5 2.g3 Bg4 3.Bg2 Nd7 4.b3 e6 5.c4 Ngf6 6.O-O c6 7.d4 Bd6 8.Bb2 O-O
9.Nbd2 a5 10.Ne5 Bf5 11.h3 h6 12.e3 Qe7 13.a3 Bc7 14.f4 Bh7 15.g4 Nxe5 16.fxe5 Nd7
17.a4 Qg5 18.Qe2 f6 19.cxd5 exd5 20.e4 dxe4 21.Nxe4 Bxe4 22.Bxe4 fxe5 23.Bf5 Qe7
24.Ba3 Bd6 25.Bxd6 Qxd6 26.Qc4+ Kh8 27.Bxd7 Qxd7 28.dxe5 Rae8 29.Qe4 Qe7
30.Qe3 Rxf1+ 31.Rxf1 Kg8 32.Re1 Qe6 33.Qd3 Rf8 34.Kg2 Qf7 35.Qe3 Qf4 36.e6 Qxe3  1/2-1/2

[Event "11th Master Open"]
[Site "Voronezh RUS"]
[Date "2007.06.14"]
[Round "3"]
[White "Bezgodova,S"]
[Black "Gorbatov,A"]
[Result "0-1"]
[WhiteElo "2251"]
[BlackElo "2381"]

1.Nf3 d5 2.g3 g6 3.c4 d4 4.b4 Bg7 5.d3 e5 6.Bg2 Ne7 7.Nbd2 O-O 8.h4 c6 9.a4 Bf5
10.Ba3 Nd7 11.Qb3 h6 12.Ne4 Be6 13.b5 f5 14.Bh3 Rc8 15.Qb4 c5 16.Qd2 Qc7
17.h5 Bf7 18.hxg6 Bxg6 19.Nh4 Bh7 20.f3 fxe4 21.fxe4 Rf6 22.O-O-O b6 23.Nf3 Rd8
24.Rdg1 Nf8 25.Kd1 Nfg6 26.Bc1 a6 27.Bg4 Nf8 28.Rg2 Ra8 29.Qa2 Kh8 30.Rgh2 Rg6
31.Bh5 Rxg3 32.Bf7 axb5 33.cxb5 Qa7 34.Bxh6 Bxh6 35.Rxh6 Qxa4+ 36.Qxa4 Rxa4
37.Nxe5 Kg7 38.Bc4 Ra1+ 39.Kd2 Rxh1 40.Rxh1 Neg6 41.Nf3 Bg8 42.Ra1 Bxc4 43.dxc4 Kf6
44.Ra7 Ne5 45.Rb7 Nxc4+ 46.Kd3 Ne5+ 47.Kc2 Nxf3 48.exf3 Rxf3 49.Rxb6+ Ne6
50.Rc6 Rc3+ 51.Kb2 Rc4 52.b6 Rb4+ 53.Ka3 Rb1 54.Ka4 Ke5 55.Ka5 d3 56.b7 Rxb7
57.Rxc5+ Kxe4  0-1

[Event "III EUICC"]
[Site "Arvier ITA"]
[Date "2007.06.15"]
[Round "1"]
[White "Cavatorta,F"]
[Black "Vezzosi,P"]
[Result "0-1"]
[WhiteElo "1921"]
[BlackElo "2287"]

1.Nf3 d5 2.g3 c6 3.Bg2 Nf6 4.O-O Bf5 5.d3 e6 6.Nbd2 Nbd7 7.Qe1 Qc7 8.e4 Bg6
9.Nh4 Bc5 10.Nb3 Be7 11.Nxg6 hxg6 12.Bf4 e5 13.Bg5 dxe4 14.dxe4 O-O-O 15.a4 Kb8
16.Rd1 Nc5 17.Nxc5 Bxc5 18.Qe2 a5 19.Be3 Qb6 20.Bxc5 Qxc5 21.Rd3 Rd4 22.Rxd4 Qxd4
23.c3 Qxa4 24.Qd3 Qb5 25.Qd6+ Ka7 26.Ra1 Kb6 27.b4 axb4 28.Rb1 b3 29.Qa3 Kc7
30.Rxb3 Qa6 31.Qe7+ Nd7 32.Qxf7 Rf8 33.Qe6 Rf6 34.Qg8 Qe2 35.Rb1 Rxf2 36.Bf1 Qe3
37.Rxb7+ Kxb7 38.Qc4 Rd2+  0-1

[Event "11th Master Open"]
[Site "Voronezh RUS"]
[Date "2007.06.15"]
[Round "4"]
[White "Obukhov,A"]
[Black "Nadeev,S"]
[Result "1-0"]
[WhiteElo "2446"]
[BlackElo "2308"]

1.Nf3 d5 2.g3 Nf6 3.Bg2 c5 4.O-O Nc6 5.d4 e6 6.c4 dxc4 7.dxc5 Qxd1 8.Rxd1 Bxc5
9.Nbd2 c3 10.bxc3 Bd7 11.Nb3 Be7 12.Nfd4 O-O 13.Bg5 h6 14.Bxf6 Bxf6 15.Nc5 Nxd4
16.cxd4 Bc6 17.Bxc6 bxc6 18.Rac1 Rfd8 19.e3 Rac8 20.Nd3 Be7 21.Rc4 f6 22.f4 Rc7
23.Rdc1 Rdc8 24.Kg2 Bd6 25.Kf3 Kf7 26.Nb4 Bxb4 27.Rxb4 Ke7 28.Rc5 Re8 29.Rbc4 Kd7
30.g4 Rb8 31.f5 exf5 32.gxf5 Rb5 33.e4 Rxc5 34.Rxc5 Rb7 35.Ra5 Ke8 36.Ra6 Rc7
37.Ke3 Kd7 38.Kd3 Kc8 39.Kc4 Kb7 40.Ra3 Re7 41.Re3 Kb6 42.e5 fxe5 43.dxe5 Kc7
44.Re4 Re8 45.Kc5 Rb8 46.a4 Re8 47.e6 Rf8 48.e7 Re8 49.Re6 Kd7 50.Rd6+ Kc7
51.Rxc6+ Kd7 52.Rd6+ Kc7 53.Ra6 Kb7 54.Kd6  1-0

[Event "11th Master Open"]
[Site "Voronezh RUS"]
[Date "2007.06.15"]
[Round "4"]
[White "Zablotsky,S"]
[Black "Can,E"]
[Result "1-0"]
[WhiteElo "2500"]
[BlackElo "2404"]

1.Nf3 d5 2.g3 g6 3.Bg2 Bg7 4.d4 Nf6 5.c4 O-O 6.O-O Nc6 7.cxd5 Nxd5 8.Nc3 Nb6
9.e3 e5 10.Nxe5 Nxe5 11.dxe5 Qxd1 12.Rxd1 Bxe5 13.a4 a5 14.f4 Bg7 15.Nb5 c6
16.Nd6 Bg4 17.Rd2 Rab8 18.Ne4 Rfd8 19.Nc5 Bf8 20.Rxd8 Rxd8 21.Nxb7 Rd1+ 22.Kf2 Bb4
23.Bxc6 Kf8 24.e4 Bd7 25.Bxd7 Rxd7 26.Nxa5 Bxa5 27.Be3 Rb7 28.b4 Bxb4 29.a5 Nd7
30.a6 Rb8 31.Rb1 Nc5 32.a7 Ra8 33.Kf3 Na6 34.Rc1 Nc5 35.Rxc5 Bxc5 36.Bxc5+ Ke8
37.Kg4 f6 38.f5 Kf7 39.h4 Re8 40.Kf4 Ra8 41.g4 Ke8 42.e5 gxf5 43.gxf5 fxe5+
44.Kxe5 Kf7 45.Kd5 Kf6 46.Kc6 Rg8 47.Bd6  1-0

[Event "11th Master Open"]
[Site "Voronezh RUS"]
[Date "2007.06.15"]
[Round "4"]
[White "Kachko,A"]
[Black "Yaksin,O"]
[Result "0-1"]
[WhiteElo "2414"]
[BlackElo "2258"]

1.Nf3 d5 2.g3 c6 3.Bg2 Bg4 4.d3 Nd7 5.Nbd2 Ngf6 6.O-O e5 7.h3 Bxf3 8.Bxf3 Be7
9.e4 dxe4 10.dxe4 O-O 11.Nc4 Qc7 12.Qe2 b5 13.Ne3 Rfe8 14.Nf5 Bf8 15.Kh2 Nc5
16.Rd1 a5 17.Bg2 a4 18.Bg5 Nfd7 19.h4 Nb6 20.Qg4 Kh8 21.h5 f6 22.Bh4 a3 23.b3 b4
24.Re1 Ne6 25.f4 exf4 26.e5 fxe5 27.h6 Nd5 28.Be4 g6 29.Bxd5 cxd5 30.Bf6+ Kg8
31.Rxe5 Qf7 32.Qh4 g5 33.gxf4 Bc5 34.Rxd5 Qg6 35.Rxc5 Nxf4 36.Rg1 Re2+ 37.Kh1 Rg2
38.Qxg5 Qxg5 39.Bxg5 Rxg1+ 40.Kxg1 Nh3+ 41.Kg2 Nxg5  0-1

[Event "XXV Balaton IM"]
[Site "Balatonlelle HUN"]
[Date "2007.06.16"]
[Round "1"]
[White "Balog,I1"]
[Black "Kiss,Pa"]
[Result "1-0"]
[WhiteElo "2378"]
[BlackElo "2374"]

1.Nf3 d5 2.g3 c6 3.Bg2 Bg4 4.c4 Nf6 5.O-O e6 6.b3 Nbd7 7.Bb2 Be7 8.d4 O-O
9.Nc3 Bh5 10.Rc1 Qa5 11.Qd2 Qa6 12.c5 b6 13.b4 Qb7 14.Nh4 a5 15.a3 Rfb8 16.Ba1 axb4
17.axb4 bxc5 18.bxc5 Bd8 19.h3 Ba5 20.g4 Bg6 21.Nxg6 hxg6 22.Qd3 Qa6 23.Qc2 Ne8
24.e3 Nc7 25.Bf3 Qc8 26.Ne2 Nb5 27.Bb2 Bc7 28.Ra1 Rxa1 29.Rxa1 Ra8 30.Ra4 f5
31.Rxa8 Qxa8 32.Nc1 Qa5 33.Nd3 Bb8 34.Bc1 Kf7 35.Kf1 Bc7 36.Kg2 Bb8 37.Be2 Bc7
38.Bd2 Qa8 39.Nb4 Nb8 40.h4 Kf6 41.g5+ Kf7 42.Qb1 Na7 43.h5 gxh5 44.g6+ Ke7
45.Qh1 Nd7 46.Na6 Qd8 47.Nxc7 Qxc7 48.Qxh5 Qb8 49.Qh7 Qf8 50.Ba5 Nf6 51.Qh2 Ne8
52.Qb8  1-0

[Event "11th Master Open"]
[Site "Voronezh RUS"]
[Date "2007.06.16"]
[Round "5"]
[White "Bezgodova,S"]
[Black "Kiselev,G"]
[Result "0-1"]
[WhiteElo "2251"]
[BlackElo "2424"]

1.Nf3 d5 2.g3 Bg4 3.Bg2 Nd7 4.c4 c6 5.cxd5 cxd5 6.Qa4 Bxf3 7.Bxf3 e6 8.Nc3 Nf6
9.d3 Be7 10.Bf4 O-O 11.O-O a6 12.Rac1 b5 13.Qc2 Rc8 14.Qd2 h6 15.Be3 Ne5
16.Bd4 Nxf3+ 17.exf3 Nd7 18.Rfe1 Nb8 19.f4 Nc6 20.Ne2 Qd7 21.Bc5 Bxc5 22.Rxc5 Nd4
23.Nxd4 Rxc5 24.Re5 Rcc8 25.f5 exf5 26.Nxf5 Rfe8 27.Qf4 Rxe5 28.Qxe5 f6 29.Qf4 Re8
30.Qg4 Kh7 31.Qh5 Re5 32.g4 d4 33.Kg2 Qd5+ 34.Kg3 Re1 35.f3 Qe5+ 36.f4 Rg1+
37.Kh3 Qe2  0-1

[Event "Open"]
[Site "Teplice CZE"]
[Date "2007.06.17"]
[Round "2"]
[White "Plat,V"]
[Black "Tejkal,J"]
[Result "1-0"]
[WhiteElo "2284"]
[BlackElo "2018"]

1.Nf3 d5 2.g3 Nf6 3.Bg2 Bf5 4.O-O h6 5.d4 e6 6.c4 c6 7.Nc3 Nbd7 8.Bf4 Be7
9.Re1 O-O 10.Nd2 Re8 11.e4 dxe4 12.Ndxe4 Nxe4 13.Nxe4 Nf6 14.Nc3 Qa5 15.Re5 Qa6
16.Bf1 Rad8 17.d5 c5 18.Nb5 Rd7 19.Qb3 Qb6 20.Rae1 a6 21.Nd4 Qxb3 22.Nxb3 Red8
23.dxe6 fxe6 24.Nxc5 Bxc5 25.Rxc5 g5 26.Bc7 Rc8 27.Bb6 Rxc5 28.Bxc5 Rd2 29.Be3 Rd7
30.Be2 Bd3 31.Bxd3 Rxd3 32.Kf1 Ng4 33.Ke2 Rd7 34.h3 Nxe3 35.Kxe3 Kf7 36.b4 Kf6
37.a4 e5 38.Rc1 Rd4 39.Rc3 h5 40.b5 axb5 41.axb5 b6 42.c5 bxc5 43.Rxc5 Rb4
44.Rc6+ Kf5 45.b6 Rb3+ 46.Ke2 h4 47.g4+ Ke4 48.Kf1 Kf3 49.Rf6+ Ke4 50.Kg2 Rb2
51.Rf5 Rxb6 52.Rxg5 Kf4 53.Rf5+ Ke4 54.Rh5 Kf4 55.Rxh4 e4 56.Rh5 Rf6 57.Rf5+ Rxf5
58.gxf5 Kxf5 59.Kg3 Kg5 60.h4+ Kf5 61.h5 Kg5 62.h6 Kxh6 63.Kf4  1-0

[Event "Open"]
[Site "Teplice CZE"]
[Date "2007.06.17"]
[Round "2"]
[White "Macek,K"]
[Black "Cenek,M"]
[Result "0-1"]
[WhiteElo "1951"]
[BlackElo "2029"]

1.Nf3 d5 2.g3 Nf6 3.Bg2 e6 4.O-O Be7 5.d3 O-O 6.Nbd2 b6 7.e4 Bb7 8.Qe2 c5
9.Ne1 Nc6 10.c3 Qc7 11.f4 dxe4 12.Nxe4 Rad8 13.Be3 Ba6 14.Nxf6+ Bxf6 15.Qc2 Ne7
16.Be4 g6 17.Qa4 Bb7 18.Qxa7 Nd5 19.Bxd5 exd5 20.Qa4 d4 21.Bd2 Rfe8 22.Rf2 Re7
23.c4 Rde8 24.Ng2 Bc6 25.Qd1 Qb7 26.a4 Bd7 27.b4 h5 28.Qb3 Re2 29.Re1 Rxe1+
30.Nxe1 cxb4 31.Bxb4 Qc6 32.a5 bxa5 33.Bxa5 h4 34.Nc2 hxg3 35.hxg3 Kg7 36.Qb6 Qa8
37.Rh2 Qf3 38.Nxd4 Qe3+ 39.Kf1 Bxd4  0-1

[Event "11th Master Open"]
[Site "Voronezh RUS"]
[Date "2007.06.18"]
[Round "6"]
[White "Zablotsky,S"]
[Black "Lutsko,I"]
[Result "1-0"]
[WhiteElo "2500"]
[BlackElo "2417"]

1.Nf3 d5 2.g3 Nf6 3.Bg2 c6 4.O-O Bg4 5.Ne5 Bh5 6.c4 Nbd7 7.d4 e6 8.Nc3 Be7
9.h3 Nxe5 10.dxe5 Nd7 11.cxd5 exd5 12.g4 Bg6 13.f4 f5 14.Be3 h5 15.Rc1 Nb6
16.Bd4 hxg4 17.hxg4 Qd7 18.Qd3 Qe6 19.Bxb6 axb6 20.Nxd5 cxd5 21.Bxd5 Qd7
22.e6 Qd6 23.gxf5 Rd8 24.Qb5+ Kf8 25.Bxb7 Rh5 26.Rcd1 Qxd1 27.Rxd1 Rxd1+
28.Kg2 Bxf5 29.Qxb6 Bh3+ 30.Kg3 Rd6 31.Qa7 Bxe6 32.Bf3 Rb5 33.Qa8+ Bd8 34.e4 Rd3
35.Qa6 Bd7 36.e5 Re3 37.Qd6+ Ke8 38.Kf2 Be7 39.Qg6+  1-0

[Event "III Perla Baltyku A"]
[Site "Mielno POL"]
[Date "2007.06.19"]
[Round "2"]
[White "Staniszewski,Pi"]
[Black "Krzesaj,R"]
[Result "1/2-1/2"]
[WhiteElo "2402"]
[BlackElo "2301"]

1.Nf3 d5 2.g3 Nf6 3.Bg2 c6 4.O-O Bf5 5.d3 e6 6.c4 Be7 7.Be3 Nbd7 8.Qb3 Qc7
9.cxd5 exd5 10.Nd4 Bg6 11.Nc3 Nc5 12.Qc2 Ne6 13.Rac1 O-O 14.Bh3 Qd6 15.Na4 Nd7
16.Qb3 Nxd4 17.Bxd4 b6 18.Nc3 Rfd8 19.Be3 d4 20.Bf4 Qf6 21.Ne4 Bxe4 22.dxe4 Nc5
23.Qf3 d3 24.e5 Qg6 25.Rcd1 dxe2 26.Qxe2 Nd3 27.Bg2 Nxf4 28.gxf4 Rxd1 29.Rxd1 Rd8
30.Rxd8+ Bxd8 31.Qe4 Qxe4 32.Bxe4 Bc7 33.Bxc6 g5 34.fxg5 Bxe5 35.b3 Kg7 36.Kg2 f6
37.gxf6+ Kxf6 38.h3 a5 39.Kf3 Bd4 40.Kg3 h6 41.f4 Be3 42.Kf3 Bc1 43.Ke4 Bd2
44.Bb5 Bc1 45.Bd3 Bd2 46.f5 Bb4 47.Kd5 Bc5 48.Kc6 Be3  1/2-1/2